| 000 | 00865nam a2200265Ia 4500 | ||
|---|---|---|---|
| 003 | OSt | ||
| 005 | 20220924113034.0 | ||
| 006 | a|||||r|||| 00| 0 | ||
| 007 | ta | ||
| 008 | 220923b |||||||| |||| 00| 0 eng d | ||
| 024 | _a54526 | ||
| 037 | _cDictionary | ||
| 040 |
_aARTS _cARTS _beng |
||
| 041 |
_2eng _aeng |
||
| 082 | _aP111:4k, K8 (PD) | ||
| 100 |
_aYule Henry _9169355 |
||
| 245 | 0 | _aHobson-Jobson : a glossary of colloquial Anglo Indian words and phrases and of kindered terms , etymological historical geographical and discursive , ed by William Crooke | |
| 260 |
_aDelhi _bMunshiram Manoharlal _c1968 |
||
| 300 |
_axlviii,1021p. _ccm. |
||
| 500 | _aGlossary (1-986p) | ||
| 650 | _aLINGUISTICS | ||
| 700 | _a Burnell A C | ||
| 942 |
_hP111:4k, K8 (PD) _cdic _2cc |
||
| 999 |
_c389053 _d389053 |
||